=LDR 00000nam 2200000 4500 =001 000524 =005 20250710115540 =035 ##$$a 0010-0725000389 =007 ta =008 250710################a##########0#ind## =020 ##$$a 978-623-307-312-7 =082 ##$$a 398.209 598 =084 ##$$a 398.209 598 PRA a =100 #$$a Prakash, Nisarg =245 1#$$a Anjing Yang Merasakan Kesedihan /$c Nisarg Prakash =250 ##$$a Cetakan Pertama =260 ##$$a Jakarta Timur :$b Badan Pengembangan dan Pembinaan Bahasa,$c 2022 =300 ##$$a 20 hlm : $b ilus. ; $c 29,7 cm =650 #4$$a Literasi-Bahan Bacaan =600 #4$$a Cerita anak Indonesia - Terjemahan =856 ##$$a TBM AS SUHADA =990 ##$$a TBM02800280